[Event "5th Batumi Municipality Cup 2019"]
[Site "Batumi"]
[Date "2019.07.04"]
[Round "2.8"]
[White "Urazayev, Arystanbek"]
[Black "Dolzhykova, Kateryna"]
[Result "1-0"]
[WhiteElo "2436"]
[BlackElo "2228"]
[Annotator "NA"]
[PlyCount "147"]
[EventDate "2019.07.04"]
[EventCountry "GEO"]
[SourceTitle "playchess.com"]
[Source "ChessBase"]
[SourceQuality "1"]

1. e4 c5 2. Nf3 d6 3. Bb5+ Bd7 4. c4 Nf6 5. Nc3 g6 6. d4 cxd4 7. Nxd4 Bg7 8. O-O O-O 9. h3 Nc6 10. Be3 Rc8 11. Bxc6 bxc6 12. c5 d5 13. e5 Ne4 14. Nxe4 dxe4 15. e6 Bxe6 16. Nxe6 fxe6 17. Qa4 Bxb2 18. Rab1 Be5 19. Rfd1 Qc7 20. Qxe4 Bh2+ 21. Kf1 Qe5 22. Qxe5 Bxe5 23. Rd7 Rc7 24. Rxc7 Bxc7 25. Rb7 Bf4 26. Ke2 Bxe3 27. Kxe3 Rf5 28. Rxe7 a5 29. Kd4 Rxf2 30. Rxe6 Rxg2 31. Rxc6 Rxa2 32. Rc7 a4 33. Ra7 a3 34. Kd3 Ra1 35. Kc2 Ra2+ 36. Kb3 Rb2+ 37. Kxa3 Rc2 38. Kb4 g5 39. Kb5 h5 40. c6 Kf8 41. Rh7 g4 42. Rxh5 g3 43. Rg5 g2 44. Kb6 Ke7 45. Kc7 Re2 46. h4 Kf6 47. Kb7 Rb2+ 48. Kc8 Re2 49. c7 Ra2 50. Rg3 Kf5 51. h5 Kf4 52. Rg7 Kf3 53. h6 Kf2 54. h7 g1=Q 55. Rxg1 Kxg1 56. Kb7 Rh2 57. c8=Q Rxh7+ 58. Kc6 Rh2 59. Kd5 Kf2 60. Qc2+ Kg3 61. Qd3+ Kf2 62. Qd2+ Kg3 63. Qe1+ Kf3 64. Kd4 Re2 65. Qf1+ Rf2 66. Qh3+ Ke2 67. Qd3+ Ke1 68. Qb1+ Kd2 69. Qb2+ Ke1 70. Qc1+ Ke2 71. Ke4 Rf8 72. Qc4+ Kd1 73. Qa4+ Ke2 74. Qb5+ {Kd3+} 1-0

[Event "5th Batumi Municipality Cup 2019"]
[Site "Batumi"]
[Date "2019.07.04"]
[Round "2.9"]
[White "Yeritsyan, Hayk"]
[Black "Barsov, Alexei"]
[Result "1/2-1/2"]
[WhiteElo "2210"]
[BlackElo "2397"]
[Annotator "NA"]
[PlyCount "36"]
[EventDate "2019.07.04"]
[EventCountry "GEO"]
[SourceTitle "playchess.com"]
[Source "ChessBase"]
[SourceQuality "1"]

1. d4 d5 2. c4 e6 3. Nf3 Nf6 4. g3 dxc4 5. Bg2 a6 6. O-O Nc6 7. Bg5 Be7 8. e3 Nd5 9. Bxe7 Qxe7 10. Qc1 O-O 11. Qxc4 Rd8 12. Nc3 Nb6 13. Qe2 e5 14. Nxe5 Nxe5 15. dxe5 Qxe5 16. Rfd1 Re8 17. Rac1 c6 18. Ne4 Nd5 1/2-1/2

[Event "5th Batumi Municipality Cup 2019"]
[Site "Batumi"]
[Date "2019.07.04"]
[Round "2.10"]
[White "Sibashvili, Giorgi"]
[Black "Babazada, Khazar"]
[Result "1/2-1/2"]
[WhiteElo "2389"]
[BlackElo "2247"]
[Annotator "NA"]
[PlyCount "51"]
[EventDate "2019.07.04"]
[EventCountry "GEO"]
[SourceTitle "playchess.com"]
[Source "ChessBase"]
[SourceQuality "1"]

1. Nf3 Nf6 2. c4 g6 3. Nc3 d5 4. cxd5 Nxd5 5. Qb3 Nb6 6. d4 Bg7 7. Bf4 O-O 8. Rd1 c6 9. e4 Bg4 10. Be2 N8d7 11. O-O Bxf3 12. Bxf3 e5 13. dxe5 Qe7 14. a4 Nxe5 15. Be2 Rad8 16. Be3 g5 17. a5 Nc8 18. Rxd8 Rxd8 19. Rd1 Rxd1+ 20. Qxd1 h6 21. h3 Kh7 22. Bg4 Nxg4 23. Qxg4 Qe6 24. Qd1 Nd6 25. Bxa7 Nxe4 26. Nxe4 1/2-1/2

[Event "5th Batumi Municipality Cup 2019"]
[Site "Batumi"]
[Date "2019.07.04"]
[Round "2.11"]
[White "Khachatryan, Anna"]
[Black "Garayev, Kanan"]
[Result "0-1"]
[WhiteElo "2027"]
[BlackElo "2351"]
[Annotator "NA"]
[PlyCount "84"]
[EventDate "2019.07.04"]
[EventCountry "GEO"]
[SourceTitle "playchess.com"]
[Source "ChessBase"]
[SourceQuality "1"]

1. e4 e5 2. Nf3 Nc6 3. d4 exd4 4. Nxd4 Nf6 5. Nxc6 bxc6 6. e5 Qe7 7. Qe2 Nd5 8. c4 Nb6 9. Nc3 Ba6 10. Qe4 Qe6 11. f4 d5 12. exd6 Qxe4+ 13. Nxe4 cxd6 14. c5 Bxf1 15. Rxf1 dxc5 16. Be3 O-O-O 17. Kf2 Nc4 18. Ng5 Rd7 19. b3 Nxe3 20. Kxe3 h6 21. Ne4 f5 22. Nd2 Bd6 23. Nc4 Re8+ 24. Kf3 Bc7 25. Rad1 Rde7 26. Rf2 Re6 27. Rfd2 g5 28. Nd6+ Bxd6 29. Rxd6 g4+ 30. Kf2 Kc7 31. Rxe6 Rxe6 32. h3 gxh3 33. gxh3 Re4 34. Kf3 c4 35. Rg1 cxb3 36. axb3 Rb4 37. Rg6 Rxb3+ 38. Kg2 a5 39. Rxh6 a4 40. Rf6 a3 41. Rxf5 Rb5 42. Rf8 Ra5 0-1

[Event "5th Batumi Municipality Cup 2019"]
[Site "Batumi"]
[Date "2019.07.04"]
[Round "2.12"]
[White "Sargissyan, Sargis"]
[Black "Mikadze, Miranda"]
[Result "1-0"]
[WhiteElo "2229"]
[BlackElo "2300"]
[Annotator "NA"]
[PlyCount "63"]
[EventDate "2019.07.04"]
[EventCountry "GEO"]
[SourceTitle "playchess.com"]
[Source "ChessBase"]
[SourceQuality "1"]

1. e4 c6 2. Nc3 d5 3. Qe2 d4 4. Nd1 e5 5. d3 Bd6 6. g3 Ne7 7. Bg2 Qc7 8. Nh3 c5 9. O-O Nbc6 10. f4 Bd7 11. f5 f6 12. Qh5+ Kd8 13. Qf7 Rg8 14. Qh5 h6 15. Qe2 Kc8 16. Ndf2 a6 17. c4 dxc3 18. bxc3 c4 19. Be3 cxd3 20. Nxd3 Na5 21. c4 Nxc4 22. Rfc1 Ba3 23. Rc3 b5 24. Rxa3 Nxa3 25. Bc5 b4 26. Bxe7 a5 27. Rc1 Bc6 28. Nhf4 Kb7 29. Nd5 Qc8 30. Nc5+ Ka7 31. Qe3 Kb8 32. Bd6+ 1-0

[Event "5th Batumi Municipality Cup 2019"]
[Site "Batumi"]
[Date "2019.07.04"]
[Round "2.13"]
[White "Akhvlediani, Irakli"]
[Black "Nigalidze, Gaioz"]
[Result "1/2-1/2"]
[WhiteElo "2259"]
[BlackElo "2563"]
[Annotator "ChessBase"]
[PlyCount "172"]
[EventDate "2019.07.04"]
[EventCountry "GEO"]
[SourceTitle "playchess.com"]
[Source "ChessBase"]
[SourceQuality "1"]

1. d4 Nf6 2. c4 e6 3. Nf3 b6 4. g3 Bb7 5. Bg2 Bb4+ 6. Bd2 Be7 7. O-O O-O 8. Nc3 d5 9. cxd5 exd5 10. Bf4 c5 11. Rc1 Nc6 12. dxc5 bxc5 13. Nh4 Nd4 14. Be5 g5 15. e3 Nc6 16. Bxf6 Bxf6 17. Nf5 Ba6 18. Re1 Nb4 19. Nxd5 Nxd5 20. Bxd5 Rc8 21. b3 Rc7 22. Qf3 Be5 23. Red1 Qf6 24. Be4 Re8 25. Nd6 Ree7 26. Qxf6 Bxf6 27. Bd3 Bc8 28. Bf5 Bb7 29. Nxb7 Rxb7 30. Rxc5 Kg7 31. Kg2 h6 32. Rd6 Re5 33. Rxe5 Bxe5 34. Rd7 Rxd7 35. Bxd7 Kf6 36. g4 Bd6 37. h3 Ke5 38. Kf3 Bb4 39. Ke2 f6 40. Kd3 Be1 41. Ke2 Bb4 42. Bc8 Ke4 43. Bb7+ Ke5 44. Ba6 Ke4 45. Kf1 Ke5 46. Kg2 Ke4 47. Bb7+ Ke5 48. Ba8 Bd2 49. Kg3 Bc1 50. h4 Bd2 51. h5 Bc1 52. Bb7 Bd2 53. Kf3 Bb4 54. Ke2 Bc3 55. Kd3 Be1 56. Ke2 Bb4 57. Bc8 Ke4 58. Bf5+ Ke5 59. Bc8 Ke4 60. Ba6 Ke5 61. Bd3 Bc3 62. Ba6 Bb4 63. Bb7 Bc3 64. Kd3 Be1 65. f3 Bb4 66. Kc4 Bd2 67. Kc5 Bxe3+ 68. Kc6 f5 69. Bc8 fxg4 70. fxg4 Bd2 71. Ba6 Bb4 72. Kb7 Bc5 73. b4 Bxb4 74. Kxa7 Ba3 75. Kb6 Kd6 76. Bc8 Bc5+ 77. Kb7 Ba3 78. Bf5 Bb4 79. a4 Ba5 80. Ka6 Be1 81. a5 Kc5 82. Be4 Bd2 83. Bg6 Be1 84. Be8 Bd2 85. Bb5 Be1 86. Bd3 Bd2 1/2-1/2

[Event "5th Batumi Municipality Cup 2019"]
[Site "Batumi"]
[Date "2019.07.04"]
[Round "2.14"]
[White "Kekelidze, Mikheil"]
[Black "Eynullayev, Altay"]
[Result "1-0"]
[WhiteElo "2378"]
[BlackElo "2188"]
[Annotator "NA"]
[PlyCount "49"]
[EventDate "2019.07.04"]
[EventCountry "GEO"]
[SourceTitle "playchess.com"]
[Source "ChessBase"]
[SourceQuality "1"]

1. d4 Nf6 2. Nf3 g6 3. Nc3 d5 4. Bf4 Bg7 5. Nb5 Na6 6. e3 c6 7. Nc3 Nc7 8. Be2 O-O 9. O-O Nce8 10. h3 Nd6 11. Be5 Bf5 12. Nd2 Re8 13. g4 Be6 14. Bd3 h5 15. f3 hxg4 16. hxg4 Qc8 17. Kg2 c5 18. Qe1 cxd4 19. exd4 Nc4 20. Bxc4 dxc4 21. Rh1 Qc6 22. Qh4 Rad8 23. Nde4 Bd5 24. Rh3 b5 25. Rah1 1-0

[Event "5th Batumi Municipality Cup 2019"]
[Site "Batumi"]
[Date "2019.07.04"]
[Round "2.15"]
[White "Eynullayev, Atilla"]
[Black "Poghosyan, Suren"]
[Result "1-0"]
[WhiteElo "2228"]
[BlackElo "2298"]
[Annotator "NA"]
[PlyCount "125"]
[EventDate "2019.07.04"]
[EventCountry "GEO"]
[SourceTitle "playchess.com"]
[Source "ChessBase"]
[SourceQuality "1"]

1. e4 e6 2. d4 d5 3. e5 c5 4. c3 Nc6 5. Nf3 Nh6 6. Bd3 cxd4 7. Bxh6 gxh6 8. cxd4 Bg7 9. O-O f6 10. Bc2 fxe5 11. Nxe5 O-O 12. Qd3 Rf5 13. Nxc6 bxc6 14. Nd2 Qb6 15. Nb3 Ba6 16. Qe3 Rf6 17. Bd3 Bxd3 18. Qxd3 Raf8 19. Rae1 a5 20. Qc3 Rf4 21. g3 Rxd4 22. Nxd4 Bxd4 23. Qd2 Rf6 24. b3 e5 25. Kg2 c5 26. f3 Qb5 27. Rxe5 a4 28. Rxd5 axb3 29. axb3 Qxb3 30. Rxd4 cxd4 31. Qxd4 Qc2+ 32. Rf2 Qc6 33. Qd3 Rd6 34. Qb3+ Kg7 35. Re2 Qd7 36. Qc3+ Kg8 37. Rb2 Kf7 38. Qe3 Re6 39. Qf4+ Kg7 40. Qg4+ Kf7 41. Qf4+ Kg7 42. g4 Qd5 43. Rb8 Rf6 44. Qc7+ Kg6 45. Qc2+ Kg5 46. Qc3 h5 47. h4+ Kg6 48. g5 Rxf3 49. Qxf3 Qd2+ 50. Kf1 Qc1+ 51. Ke2 Qc2+ 52. Ke3 Qc3+ 53. Kf2 Qd2+ 54. Kg1 Qe1+ 55. Kg2 Qd2+ 56. Kg3 Qd6+ 57. Qf4 Qd3+ 58. Kf2 Qc2+ 59. Ke1 Qc3+ 60. Kd1 Qd3+ 61. Qd2 Qf1+ 62. Kc2 Qc4+ 63. Kb2 1-0

[Event "5th Batumi Municipality Cup 2019"]
[Site "Batumi"]
[Date "2019.07.04"]
[Round "2.16"]
[White "Haussernot, Cecile"]
[Black "Mustafayev, Farid"]
[Result "1-0"]
[WhiteElo "2178"]
[BlackElo "2289"]
[Annotator "NA"]
[PlyCount "99"]
[EventDate "2019.07.04"]
[EventCountry "GEO"]
[SourceTitle "playchess.com"]
[Source "ChessBase"]
[SourceQuality "1"]

1. e4 d6 2. d4 Nf6 3. Nc3 g6 4. h3 Bg7 5. Be3 O-O 6. Nf3 a6 7. Bd3 b5 8. a3 Bb7 9. Qd2 Nbd7 10. Bh6 e5 11. Bxg7 Kxg7 12. d5 c6 13. dxc6 Bxc6 14. Qe3 Qe7 15. O-O Nc5 16. Rad1 Rab8 17. b4 Ne6 18. Ne2 Nh5 19. c4 f5 20. exf5 gxf5 21. c5 Bxf3 22. Qxf3 Qg5 23. Bb1 dxc5 24. bxc5 e4 25. Qc3+ Qf6 26. Rd7+ Rf7 27. Rxf7+ Kxf7 28. Qa5 Qb2 29. Qxa6 Rd8 30. Qb7+ Kf6 31. Ng3 Nhg7 32. c6 Qe5 33. Ba2 Nc7 34. Qb6 Rd2 35. Bb3 Rd3 36. Bg8 e3 37. f4 Qd6 38. Bxh7 Rxa3 39. Bxf5 Kf7 40. Ne4 Qe7 41. Ng5+ Kg8 42. Be4 Qd6 43. Bh7+ Kf8 44. Ne4 Qe7 45. Qd4 Nce6 46. Qd5 e2 47. Re1 Qa7+ 48. Kh2 Qe3 49. Qd6+ Kf7 50. c7 1-0

[Event "5th Batumi Municipality Cup 2019"]
[Site "Batumi"]
[Date "2019.07.04"]
[Round "2.17"]
[White "Manukyan, Sargis V."]
[Black "Kusluvan, Yekaterina"]
[Result "1/2-1/2"]
[WhiteElo "2282"]
[BlackElo "2155"]
[Annotator "NA"]
[PlyCount "111"]
[EventDate "2019.07.04"]
[EventCountry "GEO"]
[SourceTitle "playchess.com"]
[Source "ChessBase"]
[SourceQuality "1"]

1. Nf3 Nf6 2. c4 g6 3. b4 Bg7 4. Bb2 O-O 5. e3 b6 6. Be2 Bb7 7. O-O c5 8. a3 d5 9. bxc5 bxc5 10. cxd5 Nxd5 11. Bxg7 Kxg7 12. Qc2 Qc7 13. Nc3 Nd7 14. Rfc1 Rfc8 15. Rab1 N7b6 16. Nxd5 Bxd5 17. d4 c4 18. e4 Bb7 19. d5 Qc5 20. a4 Rc7 21. Rb5 Qa3 22. a5 Nd7 23. Nd4 Rac8 24. Bg4 a6 25. Rbb1 Qxa5 26. Nc6 Qa3 27. Qxc4 Bxc6 28. Qd4+ e5 29. dxe6+ Nf6 30. exf7 Bd7 31. Rxc7 Rxc7 32. Rb6 Rc1+ 33. Bd1 Bc6 34. e5 Qc5 35. exf6+ Kxf7 36. Rxc6 Qxd4 37. Rxc1 Qd2 38. Bb3+ Kxf6 39. Rc6+ Ke7 40. Re6+ Kd7 41. g3 a5 42. Re3 Qb4 43. h4 a4 44. Bg8 a3 45. Re2 Qb1+ 46. Kg2 Kd6 47. Ba2 Qb7+ 48. Kg1 Kc5 49. Bg8 Kd4 50. Ba2 Qb4 51. Bg8 Kd3 52. Ra2 Qa4 53. Bxh7 Qb3 54. Bxg6+ Kc3 55. Bf7 Qxf7 56. Rxa3+ 1/2-1/2

[Event "5th Batumi Municipality Cup 2019"]
[Site "Batumi"]
[Date "2019.07.04"]
[Round "3.2"]
[White "Lomsadze, Davit"]
[Black "Sargsyan, Shant"]
[Result "0-1"]
[WhiteElo "2292"]
[BlackElo "2529"]
[Annotator "ChessBase"]
[PlyCount "96"]
[EventDate "2019.07.04"]
[EventCountry "GEO"]
[SourceTitle "playchess.com"]
[Source "ChessBase"]
[SourceQuality "1"]

1. Nf3 d5 2. g3 Nc6 3. Bg2 e5 4. O-O Nf6 5. d3 Be7 6. Nbd2 O-O 7. e4 dxe4 8. dxe4 h6 9. Nc4 Qxd1 10. Rxd1 Bg4 11. Re1 Nd7 12. c3 Be6 13. Ne3 Nc5 14. Nd5 Bd6 15. Nd2 b5 16. Nb3 Na4 17. Re2 a5 18. Be3 Ne7 19. f4 f6 20. Rc1 c6 21. Nxe7+ Bxe7 22. Rd2 Bxb3 23. axb3 Nc5 24. Rcd1 Nxb3 25. Rd7 Bc5 26. Kf2 Bxe3+ 27. Kxe3 Nc5 28. Rc7 Rfc8 29. Rxc8+ Rxc8 30. Bh3 Rc7 31. Rd8+ Kf7 32. Ra8 a4 33. fxe5 fxe5 34. Bg4 Ke7 35. h4 Nd7 36. Be2 Nb6 37. Rb8 Nc8 38. Ra8 Kd6 39. g4 Kc5 40. g5 hxg5 41. hxg5 Kb6 42. c4 Kb7 43. Ra5 Na7 44. cxb5 cxb5 45. Rxa7+ Kxa7 46. Bxb5 a3 47. bxa3 Rc3+ 48. Kf2 Rxa3 0-1

[Event "5th Batumi Municipality Cup 2019"]
[Site "Batumi"]
[Date "2019.07.04"]
[Round "3.3"]
[White "Sanikidze, Tornike"]
[Black "Gharibyan, Mamikon"]
[Result "1-0"]
[WhiteElo "2509"]
[BlackElo "2350"]
[Annotator "ChessBase"]
[PlyCount "87"]
[EventDate "2019.07.04"]
[EventCountry "GEO"]
[SourceTitle "playchess.com"]
[Source "ChessBase"]
[SourceQuality "1"]

1. d4 d5 2. c4 e6 3. Nf3 Nf6 4. Nc3 Bb4 5. Qa4+ Nc6 6. e3 O-O 7. Qc2 b6 8. a3 Bxc3+ 9. Qxc3 Ne7 10. Be2 a5 11. b3 Ba6 12. O-O c5 13. dxc5 bxc5 14. Bb2 Qb6 15. Qc2 Ne4 16. Rab1 Bb7 17. Ne5 Rad8 18. f3 Nd6 19. cxd5 exd5 20. Rfc1 f6 21. Nd3 c4 22. Bd4 Qc6 23. Nc5 Bc8 24. Qd2 Nef5 25. bxc4 Nxd4 26. exd4 dxc4 27. Qxa5 Qd5 28. Qc3 Kh8 29. Rd1 Rfe8 30. Bf1 h5 31. a4 h4 32. a5 h3 33. g3 Nf5 34. Bxc4 Nxd4 35. Ne4 Nxf3+ 36. Qxf3 Qxc4 37. Rxd8 Rxd8 38. Qh5+ Kg8 39. Nxf6+ Kf8 40. Qh8+ Ke7 41. Qxg7+ Qf7 42. Re1+ Be6 43. Nh5 Ra8 44. Qg5+ 1-0

[Event "5th Batumi Municipality Cup 2019"]
[Site "Batumi"]
[Date "2019.07.04"]
[Round "3.4"]
[White "Aliyev, Ravan"]
[Black "Urazayev, Arystanbek"]
[Result "0-1"]
[WhiteElo "2385"]
[BlackElo "2436"]
[Annotator "NA"]
[PlyCount "74"]
[EventDate "2019.07.04"]
[EventCountry "GEO"]
[SourceTitle "playchess.com"]
[Source "ChessBase"]
[SourceQuality "1"]

1. d4 d5 2. c4 e6 3. Nc3 a6 4. cxd5 exd5 5. Nf3 Nf6 6. Bg5 Be6 7. e3 Nbd7 8. Bd3 Bd6 9. O-O c6 10. Bf4 Qc7 11. Bxd6 Qxd6 12. Qc2 O-O 13. h3 h6 14. Rab1 Rfe8 15. b4 b5 16. a4 Nb6 17. Ne5 Nc4 18. Bxc4 dxc4 19. a5 Rad8 20. Rfd1 Qc7 21. e4 Bc8 22. f4 Bb7 23. Qf2 c5 24. dxc5 Nxe4 25. Nxe4 Bxe4 26. Rxd8 Rxd8 27. Re1 Bf5 28. Qf3 Kh7 29. Qh5 Bg6 30. Nxg6 fxg6 31. Qe5 Qc6 32. Re2 Rd5 33. Qb8 c3 34. Kh2 Rd4 35. Qf8 Qc7 36. Re8 Qxf4+ 37. Qxf4 Rxf4 0-1

[Event "5th Batumi Municipality Cup 2019"]
[Site "Batumi"]
[Date "2019.07.04"]
[Round "3.5"]
[White "Garayev, Kanan"]
[Black "Sargissyan, Sargis"]
[Result "1-0"]
[WhiteElo "2351"]
[BlackElo "2229"]
[Annotator "NA"]
[PlyCount "143"]
[EventDate "2019.07.04"]
[EventCountry "GEO"]
[SourceTitle "playchess.com"]
[Source "ChessBase"]
[SourceQuality "1"]

1. d4 Nf6 2. c4 g6 3. Nc3 Bg7 4. g3 O-O 5. Bg2 d6 6. Nf3 Nbd7 7. O-O e5 8. e4 exd4 9. Nxd4 Re8 10. Re1 Nc5 11. h3 Bd7 12. Rb1 a5 13. f3 Nh5 14. Kh2 f5 15. f4 c6 16. Nxf5 Bxf5 17. exf5 Rxe1 18. Qxe1 gxf5 19. Be3 Qe7 20. Bf3 Nf6 21. Bxc5 Qxe1 22. Rxe1 dxc5 23. Na4 Bf8 24. Re5 Rd8 25. Rxf5 Rd2+ 26. Kg1 Nd7 27. Bg4 h6 28. Rh5 b5 29. cxb5 cxb5 30. Bxd7 bxa4 31. Bxa4 Bg7 32. Bb3+ Kf8 33. Kh1 Bd4 34. Rxh6 Rxb2 35. Ra6 Bc3 36. h4 Be1 37. Rg6 a4 38. Rg8+ Ke7 39. Bxa4 Rxa2 40. Re8+ Kf7 41. Rxe1 Rxa4 42. Rc1 c4 43. Kg2 Kf6 44. Rc3 Rb4 45. Kh3 Kf5 46. Re3 Rb5 47. h5 Rc5 48. Rc3 Rc8 49. Kh4 Rc6 50. g4+ Kxf4 51. g5 Kf5 52. Rf3+ Ke4 53. Rf1 c3 54. h6 c2 55. Rc1 Kf5 56. h7 Rc4+ 57. Kh5 Rc3 58. Rf1+ Ke4 59. Re1+ Kf5 60. Rf1+ Ke4 61. g6 c1=Q 62. Rxc1 Rxc1 63. Kg5 Rg1+ 64. Kf6 Rh1 65. g7 Rxh7 66. g8=Q Rh6+ 67. Kg5 Rd6 68. Qe8+ Kd5 69. Kf5 Rc6 70. Qd7+ Rd6 71. Qb5+ Kd4 72. Qe5+ {Kd5 Ke4+} 1-0

[Event "5th Batumi Municipality Cup 2019"]
[Site "Batumi"]
[Date "2019.07.04"]
[Round "3.6"]
[White "Babazada, Khazar"]
[Black "Quparadze, Giga"]
[Result "1-0"]
[WhiteElo "2247"]
[BlackElo "2499"]
[Annotator "ChessBase"]
[PlyCount "143"]
[EventDate "2019.07.04"]
[EventCountry "GEO"]
[SourceTitle "playchess.com"]
[Source "ChessBase"]
[SourceQuality "1"]

1. e4 c5 2. Nf3 e6 3. d4 cxd4 4. Nxd4 a6 5. Bd3 Nf6 6. O-O Qc7 7. Qe2 d6 8. c4 g6 9. b3 Bg7 10. Bb2 O-O 11. Kh1 b6 12. f4 Bb7 13. Nc3 Nh5 14. Na4 Nd7 15. Nc2 e5 16. fxe5 dxe5 17. Ne3 Nf4 18. Qd2 b5 19. Nc3 bxc4 20. Bxc4 Nb6 21. Rac1 Nxc4 22. bxc4 Qa5 23. Ned5 Rad8 24. Qe3 Bh6 25. Nf6+ Kh8 26. Ncd5 Nxd5 27. Qxh6 Nxf6 28. Rxf6 Bxe4 29. Rf2 f5 30. h3 Qc5 31. Re2 Kg8 32. Qh4 Rd3 33. Kh2 Re8 34. Qf6 Rd6 35. Qg5 Bd3 36. Re3 e4 37. Rg3 Rb6 38. Ba1 Qc7 39. c5 Rc6 40. Qd2 h5 41. Qh6 Qh7 42. Qg5 h4 43. Re3 Qh5 44. Qf4 Qh7 45. Kh1 Bb5 46. Rb3 Rce6 47. Re1 Rc8 48. Rc1 Qh5 49. a4 Bc6 50. Rb8 Rxb8 51. Qxb8+ Be8 52. Qc8 Kf7 53. Qb7+ Re7 54. Qd5+ Re6 55. c6 Qg5 56. Bb2 Qe7 57. c7 Bd7 58. c8=Q Bxc8 59. Rxc8 Qd6 60. Qb7+ Re7 61. Qb3+ Re6 62. Ba3 Qg3 63. Rf8+ Kg7 64. Qb7+ Kh6 65. Rh8+ Kg5 66. Be7+ Kf4 67. Rxh4+ Ke3 68. Qb3+ Kf2 69. Qc2+ Kf1 70. Qd1+ Kf2 71. Qd2+ Kf1 72. Rf4+ 1-0

[Event "5th Batumi Municipality Cup 2019"]
[Site "Batumi"]
[Date "2019.07.04"]
[Round "3.7"]
[White "Barsov, Alexei"]
[Black "Eynullayev, Atilla"]
[Result "1/2-1/2"]
[WhiteElo "2397"]
[BlackElo "2228"]
[Annotator "NA"]
[PlyCount "47"]
[EventDate "2019.07.04"]
[EventCountry "GEO"]
[SourceTitle "playchess.com"]
[Source "ChessBase"]
[SourceQuality "1"]

1. d4 Nf6 2. c4 g6 3. Nf3 Bg7 4. g3 O-O 5. Bg2 d5 6. cxd5 Nxd5 7. O-O Nb6 8. Nc3 Nc6 9. d5 Na5 10. Qc2 c6 11. dxc6 Nxc6 12. Rd1 Qe8 13. Be3 Bf5 14. Qc1 Rd8 15. Bh6 Rxd1+ 16. Nxd1 Qc8 17. Bxg7 Kxg7 18. Nh4 Be6 19. b3 Qd7 20. Qb2+ f6 21. Nf3 Rd8 22. h4 Bf7 23. Nc3 Qg4 24. Rd1 1/2-1/2

[Event "5th Batumi Municipality Cup 2019"]
[Site "Batumi"]
[Date "2019.07.04"]
[Round "3.8"]
[White "Kutsanyan, Andranik"]
[Black "Sibashvili, Giorgi"]
[Result "1/2-1/2"]
[WhiteElo "2223"]
[BlackElo "2389"]
[Annotator "NA"]
[PlyCount "94"]
[EventDate "2019.07.04"]
[EventCountry "GEO"]
[SourceTitle "playchess.com"]
[Source "ChessBase"]
[SourceQuality "1"]

1. e4 e5 2. Nf3 Nc6 3. Nc3 Nf6 4. d4 exd4 5. Nxd4 Bb4 6. Nxc6 bxc6 7. Bd3 d5 8. exd5 Qe7+ 9. Be2 Bxc3+ 10. bxc3 Nxd5 11. Bd2 Bg4 12. h3 Bh5 13. g4 Bg6 14. O-O O-O 15. Bd3 Rad8 16. Re1 Qf6 17. c4 Nc3 18. Bxc3 Qxc3 19. Re3 f5 20. Qe1 Qd4 21. gxf5 Bxf5 22. Bxf5 Rxf5 23. Rd3 Qf6 24. Rxd8+ Qxd8 25. Qe6+ Rf7 26. Rb1 h6 27. Qxc6 Qg5+ 28. Qg2 Qf5 29. Re1 Qxc2 30. Re8+ Kh7 31. Qe4+ Qxe4 32. Rxe4 Kg6 33. Kg2 Rf6 34. Re5 Ra6 35. Rc5 c6 36. a4 Kf6 37. a5 Ke6 38. Kf3 Kd6 39. Rf5 c5 40. Rf7 Rxa5 41. Rxg7 Ra4 42. Rg6+ Ke5 43. Rxh6 Rxc4 44. Ra6 Rf4+ 45. Ke3 Rf7 46. h4 Rh7 47. h5 Rxh5 {Ke4+} 1/2-1/2

[Event "5th Batumi Municipality Cup 2019"]
[Site "Batumi"]
[Date "2019.07.04"]
[Round "3.9"]
[White "Yeritsyan, Hayk"]
[Black "Kekelidze, Mikheil"]
[Result "0-1"]
[WhiteElo "2210"]
[BlackElo "2378"]
[Annotator "NA"]
[PlyCount "134"]
[EventDate "2019.07.04"]
[EventCountry "GEO"]
[SourceTitle "playchess.com"]
[Source "ChessBase"]
[SourceQuality "1"]

1. e4 c5 2. Nf3 Nc6 3. Nc3 g6 4. Bb5 Bg7 5. O-O Nh6 6. Re1 O-O 7. d3 d6 8. h3 Kh8 9. Be3 Nd4 10. Bc4 e5 11. Nd5 Nxf3+ 12. Qxf3 f5 13. Bd2 f4 14. b4 Nf7 15. g4 Qh4 16. Qg2 Ng5 17. f3 h5 18. Kf1 Nxf3 19. Qxf3 hxg4 20. hxg4 Bxg4 21. Qf2 Qh1+ 22. Qg1 Qf3+ 23. Qf2 Qh1+ 24. Qg1 Qh5 25. Qf2 Bf3 26. Qg1 Bh6 27. Kf2 Bg5 28. Qxg5 Qxg5 29. Kxf3 Qg3+ 30. Ke2 Qg2+ 31. Kd1 Kg7 32. Kc1 Rac8 33. b5 Rf7 34. Bc3 Rh8 35. Kb2 Rh2 36. Rac1 Qg3 37. b6 axb6 38. Nxb6 Rf8 39. a4 f3 40. Nd5 f2 41. Rf1 Rg2 42. Nc7 Rh8 43. Bd2 Qf3 44. Kc3 Rh3 45. Rb1 Qxe4 46. Ne6+ Kf6 47. a5 d5 48. Rb6 Qxc4+ 49. Kb2 Qg4 50. Nf4+ Kf5 51. Nxh3 Qxh3 52. Rxb7 e4 53. dxe4+ Kxe4 54. Re7+ Kd4 55. a6 Kc4 56. Re3 Qh8+ 57. Rc3+ Kb5 58. a7 Kb6 59. Rh1 Qa8 60. Ra1 Rg1 61. Rb3+ Kc7 62. Bf4+ Kd7 63. Ra6 f1=Q 64. Rd6+ Ke7 65. Re3+ Kf7 66. Rd7+ Kg8 67. Be5 Qa1+ 0-1

[Event "5th Batumi Municipality Cup 2019"]
[Site "Batumi"]
[Date "2019.07.04"]
[Round "3.10"]
[White "Morchiashvili, Bachana"]
[Black "Tereladze, Sopiko"]
[Result "1/2-1/2"]
[WhiteElo "2335"]
[BlackElo "2144"]
[Annotator "NA"]
[PlyCount "140"]
[EventDate "2019.07.04"]
[EventCountry "GEO"]
[SourceTitle "playchess.com"]
[Source "ChessBase"]
[SourceQuality "1"]

1. d4 Nf6 2. Nf3 e6 3. e3 b6 4. Bd3 Bb7 5. O-O c5 6. c4 Be7 7. Nc3 O-O 8. d5 d6 9. e4 Nbd7 10. dxe6 Ne5 11. Nxe5 dxe5 12. exf7+ Rxf7 13. Nd5 Nxd5 14. exd5 Bf6 15. Qc2 g6 16. Be4 Qd6 17. b3 Raf8 18. Bb2 Bc8 19. Rae1 Bg7 20. Re2 Bd7 21. Rfe1 Re8 22. Qc1 Bg4 23. f3 Bd7 24. Qa1 Rfe7 25. Bc2 Bf5 26. Be4 Bd7 27. Bc3 b5 28. a3 bxc4 29. bxc4 Qa6 30. f4 Bg4 31. d6 Qxd6 32. Bd5+ Be6 33. Bxe5 Bxd5 34. Bxd6 Rxe2 35. Rxe2 Rxe2 36. Be5 Rxg2+ 37. Kf1 Rxh2 38. Qc3 Bxe5 39. fxe5 Be6 40. Qa5 Bxc4+ 41. Kg1 Rh5 42. Qd8+ Kg7 43. Qf6+ Kg8 44. e6 Rf5 45. Qd8+ Kg7 46. e7 Bb5 47. e8=R Bxe8 48. Qxe8 Rf7 49. a4 c4 50. a5 h6 51. Kg2 c3 52. Qe5+ Kg8 53. Qxc3 Kh7 54. a6 Kg8 55. Kg3 Kh7 56. Kg4 Kg8 57. Qb3 Kg7 58. Qe6 Rf5 59. Qd6 Rf7 60. Qd5 Kg8 61. Qa8+ Kg7 62. Qe8 Rf5 63. Qe7+ Rf7 64. Qd8 Kh7 65. Qd2 Kg7 66. Qd5 Kg8 67. Qb7 Kg7 68. Qb8 Kh7 69. Qe8 Kg7 70. Qe6 Rf5 1/2-1/2

[Event "5th Batumi Municipality Cup 2019"]
[Site "Batumi"]
[Date "2019.07.04"]
[Round "3.11"]
[White "Haussernot, Cecile"]
[Black "Chkhaidze, Nikoloz"]
[Result "0-1"]
[WhiteElo "2178"]
[BlackElo "2330"]
[Annotator "NA"]
[PlyCount "84"]
[EventDate "2019.07.04"]
[EventCountry "GEO"]
[SourceTitle "playchess.com"]
[Source "ChessBase"]
[SourceQuality "1"]

1. e4 d6 2. d4 Nf6 3. Nc3 e5 4. Nf3 Nbd7 5. Bc4 Be7 6. a4 c6 7. O-O Qc7 8. Re1 h6 9. a5 Nf8 10. h3 g5 11. Nh2 Ng6 12. d5 Nf4 13. a6 b5 14. Bf1 b4 15. Na2 cxd5 16. Nxb4 dxe4 17. Bxf4 gxf4 18. Nd5 Nxd5 19. Qxd5 Rb8 20. Qxe4 Be6 21. b3 f5 22. Qd3 Bf6 23. Rad1 Ke7 24. Nf3 Rhc8 25. Re2 Rb6 26. Rde1 e4 27. Qd2 Bc3 28. Qxf4 Bxe1 29. Nxe1 Rh8 30. Qh4+ Kf7 31. Re3 Qe7 32. Qh5+ Kf8 33. g3 Kg7 34. Ng2 d5 35. Qd1 Bf7 36. Nf4 Qe5 37. c3 Rc8 38. b4 Rbc6 39. Ne2 Rxa6 40. Nd4 Rg6 41. Nf3 Qf6 42. Nd4 f4 0-1